| 000 | 00707cam a22001937a 4500 | ||
|---|---|---|---|
| 020 | _a0415170249 | ||
| 020 | _a0415196469 (pbk.) | ||
| 040 | _cUKM | ||
| 082 | 0 | 0 | _a621 ROU 2000 A050 Or. |
| 100 | 1 | _aGibson, Paul J. | |
| 245 | 1 | 0 |
_aIntroductory remote sensing : _bprinciples and concepts / |
| 260 |
_aLondon ; _aNew York, NY : _bRoutledge, _c2000. |
||
| 300 |
_axix, 184 p., [8] p. of plates : _bill. (some col.), maps (some col.) ; _c25 cm. |
||
| 500 | _aCompanion textbook to Introductory remote sensing : digital image processing and applications. | ||
| 650 | 0 | _aRemote sensing. | |
| 700 | 1 | _aPower, Clare H. | |
| 856 | 4 | 2 | _uhttp://www.loc.gov/catdir/enhancements/fy0649/2001274294-d.html |
| 942 | _cEK | ||
| 999 |
_c13921 _d13921 |
||